[Event "World op 28th"]
[Site "Philadelphia"]
[Date "2000.07.28"]
[Round "1"]
[White "Solon, Nathan"]
[Black "Ashley, Maurice"]
[Result "0-1"]
[WhiteElo "2283"]
[BlackElo "2499"]
[PlyCount "92"]
[EventDate "2000.06.28"]
[EventType "swiss"]
[EventRounds "9"]
[EventCountry "USA"]
[SourceTitle "EXT 2001"]
[Source "ChessBase"]
[SourceDate "2000.11.22"]
[SourceVersion "1"]
[SourceVersionDate "2000.11.22"]
[SourceQuality "1"]

1. d4 Nf6 2. c4 e6 3. Nc3 Bb4 4. f3 d5 5. a3 Bxc3+ 6. bxc3 c5 7. cxd5 exd5 8. e3 0-0 9. Bd3 b6 10. Ne2 Ba6 11. Bxa6 Nxa6 12. 0-0 Nc7 13. Nf4 Re8 14. a4 Ne6 15. Nd3 Nd7 16. Ba3 Rc8 17. Rc1 Qh4 18. Rb1 Red8 19. Qd2 Rc7 20. Qa2 Qh5 21. Rfc1 Rdc8 22. Qf2 Qf5 23. Qe2 Qg6 24. Qd2 h6 25. dxc5 bxc5 26. c4 dxc4 27. Nf2 Ne5 28. Qe2 Nd3 29. Rd1 Rd7 30. Qc2 Rcd8 31. Ne4 Ng5 32. Ng3 Nb4 33. Qe2 Rd2 34. Rxd2 Rxd2 35. Qxd2 Qxb1+ 36. Nf1 Qb3 37. Bb2 Nd3 38. Bc3 Qxa4 39. h4 Ne6 40. Ng3 Qb3 41. Nf5 Qb1+ 42. Kh2 Qc1 43. Nd6 Qxd2 44. Bxd2 Nb2 45. Kg3 a6 46. Kf2 c3 0-1

[Event "New York op"]
[Site "New York"]
[Date "2000.05.11"]
[Round "9"]
[White "Ashley, Maurice"]
[Black "Christiansen, Larry Mark"]
[Result "0-1"]
[WhiteElo "2499"]
[BlackElo "2596"]
[PlyCount "84"]
[EventDate "2000.05.05"]
[EventType "swiss"]
[EventRounds "9"]
[EventCountry "USA"]
[SourceTitle "CBM 076 Extra"]
[Source "ChessBase"]
[SourceDate "2000.07.11"]
[SourceVersion "1"]
[SourceVersionDate "2000.07.11"]
[SourceQuality "1"]

1. e4 c5 2. Nf3 Nc6 3. d4 cxd4 4. Nxd4 g6 5. Nc3 Bg7 6. Be3 Nf6 7. Bc4 Qa5 8. 0-0 0-0 9. Nb3 Qc7 10. Bg5 a6 11. Bxf6 Bxf6 12. Nd5 Qe5 13. Re1 Bg7 14. c3 b5 15. Bf1 Qb8 16. a4 b4 17. Nd4 bxc3 18. bxc3 Qa7 19. Rb1 e6 20. Nxc6 dxc6 21. Nb6 Rb8 22. Nxc8 Rfxc8 23. Qd3 a5 24. Qc4 Bf8 25. Rxb8 Rxb8 26. Re2 Qc5 27. Qxc5 Bxc5 28. Ra2 Rb3 29. c4 Rb1 30. g3 Re1 31. Kg2 Rxe4 32. f4 Rd4 33. Be2 Bb4 34. Rc2 c5 35. Kf2 Kg7 36. Ke3 f5 37. Bf3 Kf6 38. Bc6 h6 39. Bb5 g5 40. fxg5+ hxg5 41. Ke2 e5 42. Bc6 e4 0-1

[Event "New York op"]
[Site "New York"]
[Date "2000.05.10"]
[Round "8"]
[White "Ashley, Maurice"]
[Black "Karatorossian, David"]
[Result "1-0"]
[WhiteElo "2499"]
[BlackElo "2345"]
[PlyCount "69"]
[EventDate "2000.05.05"]
[EventType "swiss"]
[EventRounds "9"]
[EventCountry "USA"]
[SourceTitle "CBM 076 Extra"]
[Source "ChessBase"]
[SourceDate "2000.07.11"]
[SourceVersion "1"]
[SourceVersionDate "2000.07.11"]
[SourceQuality "1"]

1. e4 e6 2. d4 d5 3. Nc3 Bb4 4. e5 b6 5. a3 Bxc3+ 6. bxc3 Qd7 7. Qg4 f5 8. Qg3 Ba6 9. Bxa6 Nxa6 10. Ne2 0-0-0 11. a4 Nb8 12. a5 Nc6 13. Qd3 Nge7 14. Bg5 Kb8 15. 0-0 Ka8 16. axb6 cxb6 17. c4 dxc4 18. Qxc4 Rc8 19. Qb5 Qb7 20. Rfb1 Kb8 21. c4 h6 22. Bxe7 Nxe7 23. Nf4 Qc6 24. Qa6 Rc7 25. c5 Nc8 26. Nd3 Rb7 27. Nb4 Qe4 28. Re1 Qf4 29. Nc6+ Ka8 30. cxb6 Rf8 31. Reb1 Qe4 32. Na5 Rxb6 33. Rxb6 Nxb6 34. Nc4 Nc8 35. Nb6+ 1-0